00730cam a2200205 a 450000100100000000500170001000800410002701000130006802000150008104000230009604200140011905000250013310000300015824500700018826000570025830000210031549000660033660000480040283000740045000001585220200929164158.0890825s1988 sp b 000 0 spa d a89179601 a8478200134 aDO-SdBNPcDLCdDLC alccopycat04aZ8449.75b.D665 19882 aDominguez Lasierra, Juan.10aEnsayo de una bibliografia jarnesiana /cJuan Dominguez Lasierra. aZaragoza :bInstitucion Fernando el Catolico,c1988. a138 p. ;c22 cm.1 aPublicacion num. 1.177 de la Institucion Fernando el Catolico10aJarnes, Benjamin,d1888-1950xBibliography. 0aPublicacion ... de la Institucion "Fernando el Catolico" ;vno. 1177.